[Event "Gudmundur Arason op 4th"]
[Site "Hafnarfjordur"]
[Date "1998.12.19"]
[Round "6"]
[White "Gunnarsson, Arnar"]
[Black "Hansson, Dan"]
[Result "0-1"]
[WhiteElo "2180"]
[BlackElo "2230"]
[PlyCount "78"]
[EventDate "1998.12.??"]
[EventType "swiss"]
[EventRounds "9"]
[EventCountry "ISL"]
[SourceTitle "EXT 2000"]
[Source "ChessBase"]
[SourceDate "1999.11.16"]
[SourceVersion "1"]
[SourceVersionDate "1999.11.16"]
[SourceQuality "1"]

1. c4 e5 2. Nc3 Nf6 3. Nf3 d6 4. g3 g6 5. Bg2 Bg7 6. 0-0 0-0 7. d3 c5 8. Bd2 Nc6 9. a3 a6 10. Ne1 Nd4 11. b4 Rb8 12. bxc5 dxc5 13. Rb1 b6 14. e3 Ne6 15. f4 exf4 16. gxf4 Nc7 17. Qe2 Re8 18. Kh1 Bg4 19. Qf2 Qd7 20. e4 Nh5 21. Rb3 Ne6 22. Nd5 b5 23. cxb5 axb5 24. Be3 Nd4 25. Rb1 Ra8 26. Nb6 Qe6 27. Nxa8 Rxa8 28. e5 Rd8 29. Bxd4 cxd4 30. Rxb5 Bh6 31. Qh4 Rc8 32. h3 Bf5 33. Rd5 Bf8 34. Qf2 Bxh3 35. Kg1 Nxf4 36. Ra5 Bxg2 37. Qxf4 Bxf1 38. Kxf1 Qh3+ 39. Kg1 Bh6 0-1

[Event "Gudmundur Arason op 4th"]
[Site "Hafnarfjordur"]
[Date "1998.12.16"]
[Round "3"]
[White "Hansson, Dan"]
[Black "Vidarsson, Jon Gardar"]
[Result "1-0"]
[WhiteElo "2230"]
[BlackElo "2375"]
[PlyCount "113"]
[EventDate "1998.12.??"]
[EventType "swiss"]
[EventRounds "9"]
[EventCountry "ISL"]
[SourceTitle "EXT 2000"]
[Source "ChessBase"]
[SourceDate "1999.11.16"]
[SourceVersion "1"]
[SourceVersionDate "1999.11.16"]
[SourceQuality "1"]

1. e4 c5 2. Nf3 e6 3. d3 Nc6 4. g3 g6 5. Bg2 Bg7 6. 0-0 Nge7 7. c3 d5 8. Re1 0-0 9. e5 b5 10. d4 cxd4 11. cxd4 Qb6 12. Nc3 Bd7 13. Bg5 Nf5 14. Ne2 h6 15. Bf6 Bxf6 16. exf6 Qd8 17. g4 Nd6 18. Qc1 Rc8 19. Qxh6 Qxf6 20. Rad1 Ne4 21. Ng3 Nxg3 22. hxg3 Rc7 23. g5 Qh8 24. Qxh8+ Kxh8 25. Nh2 Kg7 26. Ng4 Rfc8 27. Nf6 Nb8 28. Bf1 Rc2 29. Bd3 Rxb2 30. Kg2 Kf8 31. Rh1 Be8 32. Rh7 Rb4 33. Rc1 Rxc1 34. Rh8+ Ke7 35. Rxe8+ Kd6 36. Rxb8 Rxd4 37. Ne8+ Ke7 38. Bxb5 Rb1 39. Rb7+ Kd8 40. Nd6 Rxb5 41. Nxf7+ Ke8 42. Nd6+ Kf8 43. Rxb5 Ra4 44. Rb2 Ke7 45. Nb5 Kd7 46. f4 Kc6 47. Nc3 d4 48. Ne2 Kd5 49. Nc1 Rc4 50. Nb3 d3 51. Kf3 Rc3 52. Rd2 Kc4 53. Ke3 Rc2 54. Rxc2+ dxc2 55. Kd2 Kd5 56. Kxc2 e5 57. Kd3 1-0

[Event "Rilton Cup 28th U18"]
[Site "Stockholm"]
[Date "1998.??.??"]
[Round "5"]
[White "Celander, Jesper"]
[Black "Hansson, Dan"]
[Result "1-0"]
[WhiteElo "2100"]
[BlackElo "2230"]
[PlyCount "111"]
[EventDate "1998.12.27"]
[EventType "swiss"]
[EventRounds "7"]
[EventCountry "SWE"]
[SourceTitle "EXT 2000"]
[Source "ChessBase"]
[SourceDate "1999.11.16"]
[SourceVersion "1"]
[SourceVersionDate "1999.11.16"]
[SourceQuality "1"]

1. d4 d5 2. Nc3 Nf6 3. Bg5 Bf5 4. Nf3 e6 5. Nh4 Bg6 6. Nxg6 hxg6 7. e4 Be7 8. e5 Nfd7 9. Bxe7 Qxe7 10. a3 c5 11. Nb5 Nb6 12. Nd6+ Kf8 13. c3 N8d7 14. Bd3 c4 15. Bc2 Rb8 16. Qf3 Kg8 17. Qg3 Nc8 18. Nxc8 Rxc8 19. f4 Qh4 20. Kf2 Qxg3+ 21. Kxg3 Kh7 22. h4 Kg8 23. Kf3 a6 24. g4 Kf8 25. Rag1 Ke7 26. f5 gxf5 27. gxf5 Rcg8 28. Rg4 f6 29. Rhg1 fxe5 30. Rxg7+ Rxg7 31. Rxg7+ Ke8 32. fxe6 e4+ 33. Kg3 Nf6 34. Rxb7 Rh7 35. Ba4+ Kd8 36. Rxh7 Nxh7 37. Kf4 Ke7 38. Ke5 Nf6 39. Bd1 a5 40. Be2 a4 41. Bd1 Ng8 42. Kxd5 Nf6+ 43. Ke5 e3 44. Be2 Nh7 45. Bxc4 Nf8 46. Ke4 e2 47. Bxe2 Nxe6 48. Bb5 Nf8 49. Bxa4 Ng6 50. h5 Nh8 51. Bb3 Kf6 52. Kf4 Ke7 53. a4 Kd6 54. Kg5 Kc6 55. Kh6 Kb6 56. Kg7 1-0

[Event "Reykjavik-B blindfold"]
[Site "Reykjavik"]
[Date "1997.??.??"]
[Round "3"]
[White "Hansson, Dan"]
[Black "Thorhallsson, Throstur"]
[Result "1/2-1/2"]
[WhiteElo "2230"]
[BlackElo "2510"]
[PlyCount "75"]
[EventDate "1997.??.??"]
[EventType "tourn"]
[EventRounds "4"]
[EventCountry "ISL"]
[EventCategory "5"]
[SourceTitle "EXT 1998"]
[Source "ChessBase"]
[SourceDate "1997.11.17"]
[SourceVersion "1"]
[SourceVersionDate "1997.11.17"]
[SourceQuality "1"]

1. e4 d5 2. d4 dxe4 3. Nc3 Nf6 4. Bg5 Bf5 5. f3 exf3 6. Nxf3 e6 7. Nh4 Bg6 8. Nxg6 hxg6 9. Qd3 c6 10. 0-0-0 Nbd7 11. Be2 Bb4 12. Kb1 Bxc3 13. bxc3 Qa5 14. Bd2 0-0-0 15. c4 Qb6+ 16. Ka1 Ne5 17. Qa3 Qxd4+ 18. Bc3 Qe3 19. Rde1 Ned7 20. Bf3 Qc5 21. Qb3 Nb6 22. Be2 Rh4 23. Bb4 Qd4+ 24. Bc3 Qc5 25. Bb4 Qf2 26. Bd3 Qxg2 27. Bc5 Nfd7 28. Bd6 Rd4 29. Bg3 Nc5 30. Qa3 Nxd3 31. cxd3 Rxd3 32. Qxa7 Rxg3 33. hxg3 Nxc4 34. Rb1 b5 35. Qa8+ Kc7 36. Qa7+ Kc8 37. Qa8+ Kc7 38. Qa7+ 1/2-1/2

[Event "Reykjavik op"]
[Site "Reykjavik"]
[Date "1993.??.??"]
[Round "5"]
[White "Einarsson, Halldor Gretar"]
[Black "Hansson, Dan"]
[Result "1/2-1/2"]
[WhiteElo "2320"]
[BlackElo "2250"]
[PlyCount "82"]
[EventDate "1993.??.??"]
[EventType "swiss"]
[EventRounds "9"]
[EventCountry "ISL"]
[SourceTitle "EXT 1997"]
[Source "ChessBase"]
[SourceDate "1996.11.15"]
[SourceVersion "1"]
[SourceVersionDate "1996.11.15"]
[SourceQuality "1"]

1. d4 Nf6 2. c4 c5 3. d5 e5 4. Nc3 d6 5. e4 Be7 6. h3 0-0 7. g4 Ne8 8. Nf3 g6 9. Bh6 Ng7 10. Bd3 Nd7 11. Qd2 Nf6 12. 0-0-0 Kh8 13. Rdg1 a6 14. Bg5 Bd7 15. Kb1 Ng8 16. h4 h5 17. gxh5 Nxh5 18. Bh6 Re8 19. Ng5 Bxg5 20. Bxg5 f6 21. Be3 Kh7 22. Qe2 Nh6 23. Rxg6 Kxg6 24. Rg1+ Ng4 25. Rxg4+ Kh7 26. Rg1 Ng7 27. f4 Rg8 28. f5 Be8 29. h5 Nxh5 30. Rh1 Rg7 31. Rxh5+ Bxh5 32. Qxh5+ Kg8 33. Ne2 Qe8 34. Qh4 Qf7 35. Ng3 Rh7 36. Qg4+ Kh8 37. Be2 Rg8 38. Qf3 Rh3 39. Bf2 Qh7 40. Bf1 Rh2 41. Bg1 Rh4 1/2-1/2

[Event "Reykjavik op"]
[Site "Reykjavik"]
[Date "1993.??.??"]
[Round "6"]
[White "Hansson, Dan"]
[Black "Pliester, Leon"]
[Result "0-1"]
[WhiteElo "2250"]
[BlackElo "2385"]
[PlyCount "72"]
[EventDate "1993.??.??"]
[EventType "swiss"]
[EventRounds "9"]
[EventCountry "ISL"]
[SourceTitle "EXT 1997"]
[Source "ChessBase"]
[SourceDate "1996.11.15"]
[SourceVersion "1"]
[SourceVersionDate "1996.11.15"]
[SourceQuality "1"]

1. e4 c5 2. Nf3 e6 3. d4 cxd4 4. Nxd4 Nc6 5. Nc3 a6 6. g3 Qc7 7. Bg2 Nf6 8. 0-0 Nxd4 9. Qxd4 Bc5 10. Bf4 d6 11. Qd3 h6 12. Na4 e5 13. Nxc5 exf4 14. Nb3 fxg3 15. hxg3 0-0 16. Rfd1 Rd8 17. Rd2 Be6 18. Nd4 Bg4 19. c4 Nd7 20. Qf1 Ne5 21. f3 Bd7 22. b3 Rac8 23. Rad1 Qa5 24. Bh3 Bxh3 25. Qxh3 b5 26. f4 Ng6 27. cxb5 axb5 28. Qf5 Rc1 29. Kg2 Rxd1 30. Rxd1 Qxa2+ 31. Kh3 b4 32. Nc6 Qxb3 33. Nxd8 Qxd1 34. Qxf7+ Kh7 35. Ne6 Qh5+ 36. Kg2 Nh4+ 0-1

[Event "Reykjavik op"]
[Site "Reykjavik"]
[Date "1993.??.??"]
[Round "3"]
[White "Van Mil, Johan"]
[Black "Hansson, Dan"]
[Result "1-0"]
[WhiteElo "2435"]
[BlackElo "2250"]
[PlyCount "79"]
[EventDate "1993.??.??"]
[EventType "swiss"]
[EventRounds "9"]
[EventCountry "ISL"]
[SourceTitle "EXT 1997"]
[Source "ChessBase"]
[SourceDate "1996.11.15"]
[SourceVersion "1"]
[SourceVersionDate "1996.11.15"]
[SourceQuality "1"]

1. e4 Nf6 2. e5 Nd5 3. d4 d6 4. Nf3 g6 5. Bc4 dxe5 6. Nxe5 Be6 7. 0-0 Bg7 8. Bb3 0-0 9. Qe2 Nd7 10. Rd1 a5 11. c4 N5b6 12. c5 Nd5 13. c6 Bxe5 14. dxe5 bxc6 15. Ba4 Nb8 16. Bh6 Re8 17. Nd2 Nb6 18. Ne4 Qc8 19. Bb3 Bd5 20. Ng5 f6 21. e6 a4 22. Bc2 Qa6 23. Bd3 Bc4 24. Rac1 Bxd3 25. Rxd3 Nd5 26. Qe4 f5 27. Qd4 Nf6 28. Rc5 Qb7 29. Qc3 Ra6 30. h3 Rb6 31. Rd2 Rb4 32. Rc4 c5 33. Rxc5 Na6 34. Qxf6 exf6 35. Rd7 fxg5 36. Rg7+ Kh8 37. Re5 Qc6 38. e7 Re4 39. Rf7 Rxe5 40. Rf8+ 1-0

[Event "Reykjavik op"]
[Site "Reykjavik"]
[Date "1990.??.??"]
[Round "8"]
[White "Hansson, Dan"]
[Black "Arkell, Keith C"]
[Result "1-0"]
[WhiteElo "2270"]
[BlackElo "2460"]
[PlyCount "103"]
[EventDate "1990.03.??"]
[EventType "swiss"]
[EventRounds "11"]
[EventCountry "ISL"]
[SourceTitle "CBM 018 Extra"]
[Source "ChessBase"]
[SourceDate "1990.11.01"]
[SourceVersion "1"]
[SourceVersionDate "1990.11.01"]
[SourceQuality "1"]

1. e4 d5 2. exd5 Nf6 3. d4 Nxd5 4. Nf3 Bg4 5. Be2 e6 6. 0-0 Bd6 7. Bg5 Be7 8. Bxe7 Qxe7 9. Ne5 Bxe2 10. Qxe2 0-0 11. c4 Nf6 12. Nc3 Nbd7 13. Nxd7 Qxd7 14. Rad1 c6 15. Rd3 b5 16. b3 Rad8 17. Rfd1 Qb7 18. Rg3 bxc4 19. bxc4 g6 20. Qe5 Nd7 21. Qh5 Kg7 22. Ne4 Qb2 23. Qa5 Qe2 24. Re1 Qxc4 25. Qxa7 Nf6 26. Nxf6 Kxf6 27. Rf3+ Kg7 28. h3 Qxd4 29. Qxd4+ Rxd4 30. Rc1 Rc8 31. Rfc3 Rd6 32. a4 Kf6 33. a5 Ke7 34. a6 Kd7 35. Rb1 Rc7 36. Rb8 Rd1+ 37. Kh2 Ra1 38. Rd3+ Ke7 39. Rb6 h5 40. h4 c5 41. Rc3 Ra4 42. g3 Kd7 43. Kg2 c4 44. Kf3 Rc6 45. Rb7+ Kd6 46. a7 Kc5 47. Rxf7 Kd4 48. Re3 Ra2 49. Rd7+ Kc5 50. Ke4 Kb6 51. Rc3 e5 52. Rc2 1-0

[Event "Reykjavik op"]
[Site "Reykjavik"]
[Date "1990.??.??"]
[Round "5"]
[White "Tisdall, Jonathan D"]
[Black "Hansson, Dan"]
[Result "1-0"]
[WhiteElo "2480"]
[BlackElo "2270"]
[PlyCount "65"]
[EventDate "1990.03.??"]
[EventType "swiss"]
[EventRounds "11"]
[EventCountry "ISL"]
[SourceTitle "CBM 018 Extra"]
[Source "ChessBase"]
[SourceDate "1990.11.01"]
[SourceVersion "1"]
[SourceVersionDate "1990.11.01"]
[SourceQuality "1"]

1. d4 Nf6 2. c4 g6 3. Nc3 Bg7 4. e4 d6 5. Be2 0-0 6. Nf3 e5 7. Be3 h6 8. 0-0 Nc6 9. d5 Ne7 10. Nd2 c5 11. Rb1 a5 12. a3 Ne8 13. b4 axb4 14. axb4 b6 15. Qb3 f5 16. f3 f4 17. Bf2 g5 18. Ra1 Rxa1 19. Rxa1 Ng6 20. bxc5 bxc5 21. Qb8 Nc7 22. Nb5 Nxb5 23. cxb5 Bd7 24. Qxd8 Rxd8 25. Ra7 Nf8 26. b6 Rb8 27. b7 Bf6 28. Ba6 Bd8 29. Nc4 Bc7 30. Ra8 Ba4 31. Bxc5 Bb5 32. Bxb5 Rxb7 33. Nxd6 1-0

[Event "Reykjavik op"]
[Site "Reykjavik"]
[Date "1988.??.??"]
[Round "?"]
[White "Sorensen, Torben"]
[Black "Hansson, Dan"]
[Result "1/2-1/2"]
[WhiteElo "2360"]
[BlackElo "2280"]
[PlyCount "45"]
[EventDate "1988.02.??"]
[EventType "swiss"]
[EventRounds "11"]
[EventCountry "ISL"]
[SourceTitle "TD"]
[Source "ChessBase"]
[SourceDate "1994.03.01"]
[SourceVersion "1"]
[SourceVersionDate "1994.03.01"]
[SourceQuality "1"]

1. Nf3 Nf6 2. c4 g6 3. Nc3 Bg7 4. g3 0-0 5. Bg2 c6 6. 0-0 d5 7. cxd5 cxd5 8. d4 Ne4 9. Ne5 f6 10. Nd3 Nc6 11. Nf4 e6 12. Nxe4 dxe4 13. d5 exd5 14. Qxd5+ Qxd5 15. Nxd5 f5 16. Rd1 Kf7 17. Nc7 Rb8 18. Bf4 Bxb2 19. Rab1 Be5 20. f3 Bxf4 21. gxf4 e3 22. Rb3 Rd8 23. Rxd8 1/2-1/2

[Event "ISL-ch"]
[Site "Akureyri"]
[Date "1987.??.??"]
[Round "9"]
[White "Bjarnason, Saevar"]
[Black "Hansson, Dan"]
[Result "0-1"]
[WhiteElo "2355"]
[BlackElo "2290"]
[PlyCount "81"]
[EventDate "1987.??.??"]
[EventType "tourn"]
[EventRounds "13"]
[EventCountry "ISL"]
[EventCategory "3"]
[SourceTitle "EXT 1999"]
[Source "ChessBase"]
[SourceDate "1998.11.16"]
[SourceVersion "1"]
[SourceVersionDate "1998.11.16"]
[SourceQuality "1"]

1. e4 e5 2. Nc3 Nf6 3. g3 Bb4 4. Bg2 0-0 5. Nge2 c6 6. 0-0 d5 7. d3 dxe4 8. dxe4 Be6 9. Be3 Nbd7 10. h3 Bc5 11. Bxc5 Nxc5 12. b4 Ncd7 13. Qd6 Ne8 14. Qd2 Qe7 15. Rab1 Nb6 16. Nc1 Nc4 17. Qe2 Na3 18. Rb2 Bc4 19. Nd3 Rd8 20. Rd1 Rd4 21. Bf1 Nf6 22. Qe1 Rfd8 23. Ne2 Nxc2 24. Rxc2 Rxd3 25. Rdc1 b5 26. Nc3 R3d4 27. a3 h6 28. Nd1 Bb3 29. Ne3 Bxc2 30. Nf5 Qe6 31. Nxd4 Rxd4 32. Rxc2 Nxe4 33. Qc1 Qf5 34. h4 Qf3 35. Qe3 Qxe3 36. fxe3 Rd1 37. Kg2 Rd2+ 38. Rxd2 Nxd2 39. Be2 Kf8 40. Kf2 Ke7 41. Bd3 0-1

[Event "ISL-ch"]
[Site "Grundarfjordur"]
[Date "1986.??.??"]
[Round "1"]
[White "Bjarnason, Saevar"]
[Black "Hansson, Dan"]
[Result "0-1"]
[WhiteElo "2395"]
[BlackElo "2280"]
[PlyCount "84"]
[EventDate "1986.??.??"]
[EventType "tourn"]
[EventRounds "11"]
[EventCountry "ISL"]
[SourceTitle "EXT 2000"]
[Source "ChessBase"]
[SourceDate "1999.11.16"]
[SourceVersion "1"]
[SourceVersionDate "1999.11.16"]
[SourceQuality "1"]

1. d4 Nf6 2. Nf3 g6 3. Bg5 Bg7 4. Nbd2 h6 5. Bh4 d6 6. c3 g5 7. Bg3 Nh5 8. e4 e6 9. Bd3 0-0 10. 0-0 Nc6 11. Nc4 f5 12. exf5 exf5 13. h3 f4 14. Bh2 Be6 15. Nh4 Nf6 16. Nf5 Qd7 17. Qc2 Rf7 18. g4 Ne7 19. Nxe7+ Rxe7 20. Rfe1 Rae8 21. f3 Qc6 22. Nd2 Bd5 23. Rxe7 Rxe7 24. Rf1 Re3 25. Kg2 h5 26. c4 Bf7 27. d5 Qd7 28. Bf5 Qe7 29. Ne4 hxg4 30. hxg4 Nxe4 31. Bxe4 Bg6 32. Bxg6 Re2+ 33. Rf2 Rxc2 34. Rxc2 Qe1 35. Bd3 Qd1 36. Be4 Bd4 37. Bf5 Kg7 38. Be4 Kf6 39. Bf5 Ke5 40. Be4 Kf6 41. Bf5 a5 42. Be4 c6 0-1

[Event "ISL-ch"]
[Site "Grundarfjordur"]
[Date "1986.??.??"]
[Round "2"]
[White "Hansson, Dan"]
[Black "Hjartarson, Johann"]
[Result "1/2-1/2"]
[WhiteElo "2280"]
[BlackElo "2505"]
[PlyCount "57"]
[EventDate "1986.??.??"]
[EventType "tourn"]
[EventRounds "11"]
[EventCountry "ISL"]
[SourceTitle "EXT 2000"]
[Source "ChessBase"]
[SourceDate "1999.11.16"]
[SourceVersion "1"]
[SourceVersionDate "1999.11.16"]
[SourceQuality "1"]

1. e4 e6 2. d4 d5 3. Nc3 Bb4 4. e5 c5 5. a3 Bxc3+ 6. bxc3 Ne7 7. Qg4 Qc7 8. Bd3 cxd4 9. Ne2 dxc3 10. Qxg7 Rg8 11. Qxh7 Qxe5 12. Bf4 Qf6 13. h4 Nd7 14. Bg5 Qh8 15. Qxh8 Rxh8 16. Nxc3 f6 17. Be3 Nc6 18. 0-0-0 Nde5 19. Be2 b6 20. f4 Nc4 21. Bf2 Nxa3 22. Rhe1 Kf7 23. Kb2 Nc4+ 24. Bxc4 dxc4 25. Nb5 Na5 26. Nd6+ Ke7 27. Nf5+ Kf7 28. Nd6+ Ke7 29. Nf5+ 1/2-1/2

[Event "Reykjavik op"]
[Site "Reykjavik"]
[Date "1986.??.??"]
[Round "2"]
[White "Schiller, Eric Andrew"]
[Black "Hansson, Dan"]
[Result "1-0"]
[WhiteElo "2560"]
[BlackElo "2280"]
[PlyCount "109"]
[EventDate "1986.02.??"]
[EventType "swiss"]
[EventRounds "11"]
[EventCountry "ISL"]
[SourceTitle "EXT 2002"]
[Source "ChessBase"]
[SourceDate "2001.11.25"]
[SourceVersion "1"]
[SourceVersionDate "2001.11.25"]
[SourceQuality "1"]

1. e4 e5 2. Nf3 Nc6 3. Bb5 a6 4. Ba4 d6 5. Bxc6+ bxc6 6. 0-0 Ne7 7. d4 f6 8. c3 Ng6 9. Be3 Be7 10. Qe2 Be6 11. Rd1 Qc8 12. Nbd2 a5 13. Nf1 0-0 14. dxe5 fxe5 15. Ng5 Bxg5 16. Bxg5 h6 17. Be3 Kh7 18. b4 axb4 19. cxb4 Ra4 20. a3 Qa8 21. Qc2 Ne7 22. Qc3 Qa6 23. Ng3 Ra8 24. Bc1 c5 25. f4 Bg4 26. Rf1 cxb4 27. Qxc7 Ra7 28. Qd8 exf4 29. Bxf4 Rd7 30. Qe8 bxa3 31. h3 Be6 32. Bxh6 Qb6+ 33. Kh2 Ng6 34. Qxe6 Re7 35. Qd5 Ra5 36. Be3 Rxd5 37. Bxb6 Rb5 38. Bd4 Ra5 39. Rf3 Ra4 40. Bg1 a2 41. Rf2 Rea7 42. Rd2 R7a6 43. Nf5 Ne5 44. Nxd6 Kg6 45. Nb5 Rxe4 46. Raxa2 Rxa2 47. Rxa2 Rb4 48. Nc3 Kf5 49. Ra5 Rc4 50. Ne2 Ke4 51. Ng3+ Kf4 52. Be3+ Kxe3 53. Rxe5+ Kf2 54. Rg5 Rc7 55. Nh5 1-0

[Event "ISL-ch"]
[Site "Grundarfjordur"]
[Date "1986.??.??"]
[Round "10"]
[White "Sigurjonsson, Gudmundur"]
[Black "Hansson, Dan"]
[Result "1/2-1/2"]
[WhiteElo "2495"]
[BlackElo "2280"]
[PlyCount "62"]
[EventDate "1986.??.??"]
[EventType "tourn"]
[EventRounds "11"]
[EventCountry "ISL"]
[SourceTitle "EXT 2000"]
[Source "ChessBase"]
[SourceDate "1999.11.16"]
[SourceVersion "1"]
[SourceVersionDate "1999.11.16"]
[SourceQuality "1"]

1. e4 e5 2. Nf3 d6 3. d4 Nf6 4. Nc3 Nbd7 5. Bc4 Be7 6. 0-0 h6 7. a4 c6 8. Qe2 Qc7 9. Rd1 0-0 10. h3 Re8 11. dxe5 dxe5 12. Nh4 Nc5 13. Qf3 Be6 14. Bxe6 Nxe6 15. Nf5 Ng5 16. Bxg5 hxg5 17. Rd3 Nh7 18. Rad1 Nf8 19. h4 gxh4 20. Qg4 Ng6 21. Rd7 Qb6 22. Nd6 Bxd6 23. R1xd6 Qxb2 24. Rxf7 Kxf7 25. Rxg6 Qc1+ 26. Nd1 Rad8 27. Rxg7+ Kf8 28. Rg8+ Ke7 29. Rg7+ Kf8 30. Rg8+ Ke7 31. Rg7+ Kf8 1/2-1/2

[Event "Borgarnes"]
[Site "Borgarnes"]
[Date "1985.??.??"]
[Round "2"]
[White "Hansson, Dan"]
[Black "Lein, Anatoly"]
[Result "0-1"]
[WhiteElo "2330"]
[BlackElo "2465"]
[PlyCount "46"]
[EventDate "1985.05.??"]
[EventType "tourn"]
[EventRounds "11"]
[EventCountry "ISL"]
[EventCategory "8"]
[SourceTitle "MCD"]
[Source "ChessBase"]
[SourceDate "1999.07.01"]
[SourceVersion "1"]
[SourceVersionDate "1999.07.01"]
[SourceQuality "1"]

1. e4 e6 2. d4 d5 3. e5 c5 4. c3 Bd7 5. Nf3 Qb6 6. Be2 cxd4 7. cxd4 Ne7 8. 0-0 Nf5 9. Nc3 Be7 10. a3 a5 11. a4 Nc6 12. Nb5 Na7 13. g4 Nxb5 14. axb5 Nh4 15. Nxh4 Bxh4 16. Ra3 Be7 17. Rh3 Bxb5 18. Qb3 Bb4 19. Bxb5+ Qxb5 20. f4 Rc8 21. f5 Qe2 22. fxe6 fxe6 23. Re3 Qc2 0-1

[Event "Borgarnes"]
[Site "Borgarnes"]
[Date "1985.??.??"]
[Round "10"]
[White "Hansson, Dan"]
[Black "Petursson, Margeir"]
[Result "0-1"]
[WhiteElo "2330"]
[BlackElo "2535"]
[PlyCount "80"]
[EventDate "1985.05.??"]
[EventType "tourn"]
[EventRounds "11"]
[EventCountry "ISL"]
[EventCategory "8"]
[SourceTitle "MCD"]
[Source "ChessBase"]
[SourceDate "1999.07.01"]
[SourceVersion "1"]
[SourceVersionDate "1999.07.01"]
[SourceQuality "1"]

1. e4 c5 2. Nf3 d6 3. d4 cxd4 4. Nxd4 Nf6 5. Nc3 g6 6. Be3 Bg7 7. f3 0-0 8. Qd2 Nc6 9. g4 Be6 10. 0-0-0 Ne5 11. g5 Nh5 12. f4 Nc4 13. Nxe6 Nxd2 14. Nxd8 Nxf1 15. Rhxf1 Bxc3 16. bxc3 Rfxd8 17. f5 Rac8 18. Rd3 b6 19. Kb2 Rc4 20. Bd4 Rdc8 21. Rdf3 e5 22. fxe6 fxe6 23. e5 d5 24. Rf7 R4c7 25. Rxc7 Rxc7 26. a4 Ng7 27. Rf6 Rc6 28. Kb3 Nf5 29. Bf2 Kg7 30. Kb2 h6 31. gxh6+ Nxh6 32. h3 Nf7 33. Bd4 Ng5 34. h4 Ne4 35. Rf4 Rc4 36. Rg4 Nxc3 37. h5 g5 38. Rxg5+ Kh6 39. Rg8 Nxa4+ 40. Ka3 Rxd4 0-1

[Event "Borgarnes"]
[Site "Borgarnes"]
[Date "1985.??.??"]
[Round "5"]
[White "Jansa, Vlastimil"]
[Black "Hansson, Dan"]
[Result "1-0"]
[WhiteElo "2475"]
[BlackElo "2330"]
[PlyCount "63"]
[EventDate "1985.05.??"]
[EventType "tourn"]
[EventRounds "11"]
[EventCountry "ISL"]
[EventCategory "8"]
[SourceTitle "MCD"]
[Source "ChessBase"]
[SourceDate "1999.07.01"]
[SourceVersion "1"]
[SourceVersionDate "1999.07.01"]
[SourceQuality "1"]

1. e4 c5 2. Nf3 d6 3. d4 cxd4 4. Nxd4 Nf6 5. Nc3 a6 6. Be2 e5 7. Nb3 Be7 8. 0-0 Be6 9. f4 Qc7 10. f5 Bc4 11. a4 Nbd7 12. Kh1 0-0 13. a5 b5 14. axb6 Nxb6 15. Bg5 Rfc8 16. Bxf6 Bxf6 17. Bxc4 Nxc4 18. Nd5 Qd8 19. Ra2 Bg5 20. f6 Bxf6 21. Qh5 Nb6 22. Nxf6+ gxf6 23. Nd2 Rxc2 24. Ra3 Nd7 25. Rg3+ Kf8 26. Nf3 Ke7 27. Nh4 Nf8 28. Rg7 Ng6 29. Nxg6+ hxg6 30. Qxg6 Kd7 31. Qxf7+ Kc6 32. Qd5+ 1-0

[Event "Reykjavik op"]
[Site "Reykjavik"]
[Date "1984.02.??"]
[Round "11"]
[White "Hansson, Dan"]
[Black "Halldorsson, Gudmundur"]
[Result "1/2-1/2"]
[WhiteElo "2320"]
[BlackElo "2260"]
[PlyCount "33"]
[EventDate "1984.02.??"]
[EventType "swiss"]
[EventRounds "11"]
[EventCountry "ISL"]
[SourceTitle "MCD"]
[Source "ChessBase"]
[SourceDate "1999.07.01"]
[SourceVersion "1"]
[SourceVersionDate "1999.07.01"]
[SourceQuality "1"]

1. e4 e5 2. Nf3 Nc6 3. Bb5 Nf6 4. 0-0 Nxe4 5. d4 a6 6. Ba4 b5 7. Bb3 d5 8. dxe5 Be6 9. Qe2 Be7 10. Rd1 0-0 11. c4 bxc4 12. Bxc4 Bc5 13. Be3 Bxe3 14. Qxe3 Qb8 15. Bb3 Na5 16. Nbd2 Nxd2 17. Rxd2 1/2-1/2